1822 1495 1375 1725 1677 1812 1251 1746 1548 1879 1695 1084 1222 1509 1375 1423 1375 1319 1990 1130 1929 1980 1803 1940 1319 1527 1407 1245 1870 1918 1604 1442 1259 1729 1805 1915 1801 1914 1620 1953 1670 1954 1090 1706 1954 1205 1965 1535 1409 1473 1122 1947 1282 1526 1713 1842 1958 1459 1994 1008 1789 1504 1861 1979 1303 1483 1840 1348 1290 1023 1352 1384 1660 1358 1008 1601 1580 1551 1144 1711 1982 1872 1623 1943 1093 1916 1832 1756 1143 1145 1480 1949 1851 1500 1029 1441 1404 1832 1533 BCNSPRNW ULIB Ver.6.0+V

เปลี่ยนเป็นภาษาไทย

Change to English
 แสดงรายละเอียดบรรณานุกรม
  กลับหน้าหลัก

Brief Record : Get Marc (ISO 2709) : E-mail record : QR code < ปิดหน้าต่าง
LEADER : 00000nam 2200000uu 4500
001    13399108410
003     ULIB
008    110303s2544||||th 000 0 tha d
020    9742960321
060 04 WM105^bส715ค 2544
245 00 คู่มือการดูแลผู้มีปัญหาสุขภาพจิตและจิตเวชสำหรับแพทย์ :^b(ปรับปรุง 2544) /^cบรรณาธิการ, มาโนช หล่อตระกูล
250    พิมพ์ครั้งที่ 1
260    [นนทบุรี] :^bสำนักพัฒนาสุขภาพจิต กรมสุขภาพจิต,^c2544
300    ก-ข, 321 หน้า ;^c21 ซม.
650  7 การติดสารเสพติด^xการรักษา
650  7 จิตเวชศาสตร์เด็ก
650  7 พิษสุราเรื้อรัง^xการรักษา
650  7 โรคจิต^xการรักษา
700 0  มาโนช หล่อตระกูล,^eบรรณาธิการ
710 2  กรมสุขภาพจิต. ^bสำนักพัฒนาสุขภาพจิต
945    ^p0^l0^i014571
945    ^p0^l0^i014569
945    ^p0^l0^i013819
945    ^p0^l0^i013817
945    ^p0^l0^i013815
945    ^p0^l0^i013813
945    ^p0^l0^i013811
945    ^p0^l0^i013810
945    ^p0^l0^i014572
945    ^p0^l0^i014570
945    ^p0^l0^i014568
945    ^p0^l0^i013818
945    ^p0^l0^i013816
945    ^p0^l0^i013814
945    ^p0^l0^i013812
945    ^p0^l0^i018161
945    ^p0^l0^i018160
945    ^p0^l0^i018159
945    ^p0^l0^i018158
945    ^p0^l0^i018157
995    ทศพร
999 ^a ใช้งานได้ทุกระบบ
รายการนี้ยังไม่มีแท็ก
คุณยังไม่ได้ล็อกอิน คุณสามารถมีกิจกรรมร่วมกับเว็บไซต์ได้ แต่ต้องล็อกอินก่อน ::
  ล็อกอิน

รายการสื่อสารสนเทศ

ลำดับที่ ประเภท เลขเรียก/บาร์โค้ด สถานที่ สถานะ
- ไม่พบข้อมูล -

รายการใกล้เคียง
    หัวเรื่อง [จิตเวชศาสตร์เด็ก]

BibComment


ยังไม่เคยถูกคอมเมนท์

คอมเมนท์ทรัพยากรรายการนี้
  คอมเมนท์: คู่มือการดูแลผู้ม..


 Copyright 2026. Bcnsprnw @Library